000 00707nam a2200229 a 4500
999 _c11930
_d11930
001 11930
003 BD-JhCC
005 20201201132822.0
008 201201b2013 bg a|||| ||a| 000 0 ben d
020 _a9789848949115
035 _a(BD-JhCC)11930
040 _aBD-JhCC
_dBD-JhCC
041 _aben
082 _a813.54
_bHAS 2013
100 _aহাসান, রকিব
245 _aসোনার হরিণ /
_cরকিব হাসান ।
260 _aঢাকা:
_bকলি প্রকাশনী;
_c২০১৩.
300 _a239 p. :
_bill;
_c22 cm.
651 _aBengali Detective
_vPolice
_xFlorida--Miami
_zDetective and mystery stories
942 _2ddc
_cBK